La espiral del silencio / (Record no. 190564)

MARC details
000 -LEADER
campo de control de longitud fija 01343cam a2200349 i 4500
001 - NÚMERO DE CONTROL
campo de control 190564
003 - IDENTIFICADOR DE NÚMERO DE CONTROL
campo de control ES-MaACL
005 - FECHA Y HORA DE LA ÚLTIMA TRANSACCIÓN
campo de control 20251217063025.0
008 - DATOS DE LONGITUD FIJA--INFORMACIÓN GENERAL
campo de control de longitud fija 210929s2018 sp |||| ||||| 001 f spa d
017 ## - NÚMERO DE COPYRIGHT O DE DEPÓSITO LEGAL
Número de copyright o de depósito legal TF 821-2018
Agencia que asigna Oficina Depósito Legal Tenerife
020 ## - NÚMERO INTERNACIONAL ESTÁNDAR DEL LIBRO
Número Internacional Estándar del Libro 978-84-17360-73-3
040 ## - FUENTE DE CATALOGACIÓN
Centro catalogador/agencia de origen ES-MaACL
Lengua de catalogación spa
Centro/agencia transcriptor ES-MaACL
Normas de descripción rda
080 ## - NÚMERO DE LA CLASIFICACIÓN DECIMAL UNIVERSAL
Número de la Clasificación Decimal Universal 821.134.2-31"19"
100 1# - ENTRADA PRINCIPAL--NOMBRE DE PERSONA
Nombre de persona Martín, Mayte,
Fechas asociadas al nombre 1964-
Término indicativo de función/relación Autor
9 (RLIN) 173706
245 13 - MENCIÓN DEL TÍTULO
Título La espiral del silencio /
Mención de responsabilidad, etc. Mayte Martín
250 ## - MENCION DE EDICION
Mención de edición Primera edición: 2018
264 #1 - PRODUCCIÓN, PUBLICACIÓN, DISTRIBUCIÓN, FABRICACIÓN Y COPYRIGHT
Producción, publicación, distribución, fabricación y copyright Santa Cruz de Tenerife ;
-- Las Palmas de Gran Canaria :
Nombre del de productor, editor, distribuidor, fabricante Idea ;
Producción, publicación, distribución, fabricación y copyright Santa Cruz de Tenerife :
Nombre del de productor, editor, distribuidor, fabricante Aguere,
Fecha de producción, publicación, distribución, fabricación o copyright 2018
264 #4 - PRODUCCIÓN, PUBLICACIÓN, DISTRIBUCIÓN, FABRICACIÓN Y COPYRIGHT
Producción, publicación, distribución, fabricación y copyright ©2018
300 ## - DESCRIPCIÓN FÍSICA
Extensión 197 p. ;
Dimensiones 19 cm.
336 ## - TIPO DE CONTENIDO
Fuente rdacontent
Término de tipo de contenido Texto
337 ## - TIPO DE MEDIO
Fuente rdamedia
Nombre/término del tipo de medio sin mediación
338 ## - TIPO DE SOPORTE
Fuente rdacarrier
Nombre/término del tipo de soporte volumen
500 ## - NOTA GENERAL
Nota general Ejemplar firmado y dedicado por la autora
500 ## - NOTA GENERAL
Nota general Índice
655 #0 - TERMINO DE INDIZACIÓN--GENERO/FORMA
9 (RLIN) 234319
Datos o término principal de género/forma Novelas
852 4# - LOCALIZACIÓN
Ubicación ES-MaACL
Número de control de estantería A-14787
itemnumber 197742
Sublocalización o colección R.152422
Ubicación en estantería Depósito 1
Signatura antigua Olim: N-7787
Anotaciones manuscritas Dedicatoria autógrafa de la autora
Donativo/Legado Donación: Mayte Martin
852 4# - LOCALIZACIÓN
Ubicación ES-MaACL
Número de control de estantería A-15890
Ubicación en estantería Depósito 1
Anotaciones manuscritas Dedicatoria autógrafa de la autora
itemnumber 206889
Donativo/Legado Donación: Mayte Martin
Encuadernación Encuadernación rústica con solapas
903 ## - NOMBRE PERSONAL DE DONANTE
a Martín, Mayte,
d 1964-
e Donante
9 173706
942 ## - ELEMENTOS DE ENTRADA SECUNDARIOS (KOHA)
Tipo de ítem Koha Libro impreso
Suprimir en OPAC No
Holdings
Estatus retirado Estado de pérdida Fuente del sistema de clasificación o colocación Estado de daño No para préstamo Colección Biblioteca de origen Biblioteca actual Ubicación en estantería Fecha de adquisición Fuente de adquisición Total de préstamos Signatura topográfica completa Código de barras Visto por última vez Precio de reemplazo Tipo de ítem Koha Nota pública
    Clasificación decimal universal     Libros con dedicatorias Biblioteca del Ateneo de Madrid Biblioteca del Ateneo de Madrid Depósito 1 29/09/2021 Donación   A-14787 1202705 23/02/2023 23/02/2023 Libro impreso Dedicatoria autógrafa de la autora
    Clasificación decimal universal     Libros con dedicatorias Biblioteca del Ateneo de Madrid Biblioteca del Ateneo de Madrid Depósito 1 14/12/2018 Donación   A-15890 2025-1254 06/11/2025 06/11/2025 Libro impreso Dedicatoria autógrafa de la autora